Gaming Quiz

Random Gaming or Clickable Quiz

1-100 Quiz Stats

 Plays Quiz not verified by Sporcle

Score 0/100 Timer 03:00
0 Plays Today
% Correct
???
99.7%
???
98.8%
???
98.2%
???
96.5%
???
94.5%
???
93.2%
???
93.2%
???
92.2%
???
91.3%
???
90.3%
???
90.2%
???
89.3%
???
88.2%
???
87.2%
???
85.4%
???
85%
???
84.5%
???
84.2%
???
83.2%
???
82.4%
???
81.4%
???
81.1%
???
80.4%
???
78.5%
???
77.3%
???
75.7%
???
74.3%
???
72.1%
???
70.6%
???
68.2%
???
67%
???
64.1%
???
62.3%
???
59.8%
% Correct
???
57.7%
???
53.1%
???
50.1%
???
46.6%
???
42.7%
???
40.4%
???
37.9%
???
36.5%
???
33.3%
???
31.5%
???
28.4%
???
26.5%
???
25.1%
???
22.6%
???
21.2%
???
18.7%
???
16.6%
???
14.3%
???
12.9%
???
12.1%
???
11.4%
???
10%
???
8.9%
???
7.2%
???
6.4%
???
6%
???
5.5%
???
5.1%
???
4.6%
???
4%
???
3.5%
???
3.2%
???
3.1%
???
3.1%
% Correct
???
2.8%
???
2.5%
???
2.5%
???
2.5%
???
2.5%
???
2.2%
???
1.9%
???
1.9%
???
1.9%
???
1.8%
???
1.5%
???
1.4%
???
1.2%
???
1.2%
???
1.2%
???
1.2%
???
1.1%
???
0.8%
???
0.8%
???
0.7%
???
0.7%
???
0.7%
???
0.7%
???
0.7%
???
0.7%
???
0.7%
???
0.7%
???
0.4%
???
0.4%
???
0.4%
???
0.4%
???
0.4%

You're not logged in!

Compare scores with friends on all Sporcle quizzes.
OR
Log In

Show Comments

Extras

Created Aug 31, 2015ReportNominate
Tags:Clickable Quiz, order

Top Quizzes Today


Score Distribution

Your Account Isn't Verified!

In order to create a playlist on Sporcle, you need to verify the email address you used during registration. Go to your Sporcle Settings to finish the process.

Report this User

Report this user for behavior that violates our Community Guidelines.

Details: